| 000 | 00415 a2200157 4500 | ||
|---|---|---|---|
| 005 | 20250414070851.0 | ||
| 020 | _a0-07-059120-2 | ||
| 082 | _a657 SMI | ||
| 100 | _aSMITH, J. L. | ||
| 245 | _aAccounting Principles . | ||
| 250 | _a2nd Ed. | ||
| 260 |
_aNeW york, _bMcgraw-Hill ,Inc, _c1986. |
||
| 300 |
_axix,1098.: Ill.;figures& table _bIndex _c25cm. |
||
| 700 | _aKEITH, R.M. & STEPHENS, W. L. | ||
| 942 |
_2ddc _cBKS |
||
| 999 |
_c1352 _d1352 |
||